<?xml version="1.0" encoding="UTF-8"?>
<record
    xmlns:xsi="http://www.w3.org/2001/XMLSchema-instance"
    xsi:schemaLocation="http://www.loc.gov/MARC21/slim http://www.loc.gov/standards/marcxml/schema/MARC21slim.xsd"
    xmlns="http://www.loc.gov/MARC21/slim">

  <leader>02407nam a2200301   4500</leader>
  <controlfield tag="001">370</controlfield>
  <controlfield tag="003">OSt</controlfield>
  <controlfield tag="005">20250528074019.0</controlfield>
  <controlfield tag="008">250403b        |||||||e |||| 00| 1 eng d</controlfield>
  <datafield tag="040" ind1=" " ind2=" ">
    <subfield code="b">por</subfield>
  </datafield>
  <datafield tag="041" ind1=" " ind2=" ">
    <subfield code="h">eng</subfield>
    <subfield code="a">por</subfield>
  </datafield>
  <datafield tag="082" ind1=" " ind2=" ">
    <subfield code="a">823</subfield>
    <subfield code="b">F735c</subfield>
  </datafield>
  <datafield tag="100" ind1="1" ind2=" ">
    <subfield code="a">Forsyth, Frederick,</subfield>
    <subfield code="d">1938-</subfield>
    <subfield code="9">458</subfield>
  </datafield>
  <datafield tag="240" ind1=" " ind2=" ">
    <subfield code="a">The dogs of war</subfield>
  </datafield>
  <datafield tag="245" ind1=" " ind2=" ">
    <subfield code="a">C&#xE3;es de Guerra / </subfield>
    <subfield code="c">Forsyth, Frederick ; Tradu&#xE7;&#xE3;oi de A. B. Pinheiro de Lemos</subfield>
  </datafield>
  <datafield tag="260" ind1=" " ind2=" ">
    <subfield code="a">S&#xE3;o Paulo</subfield>
    <subfield code="b">C&#xED;rculo do Livro</subfield>
    <subfield code="c">1974</subfield>
  </datafield>
  <datafield tag="300" ind1=" " ind2=" ">
    <subfield code="a">392 p.</subfield>
  </datafield>
  <datafield tag="520" ind1=" " ind2=" ">
    <subfield code="a">O mundo dos mercen&#xE1;rios, que tanto fascinou Frederick Forsyth desde que teve de acompanhar, como rep&#xF3;rter, a trag&#xE9;dia do Biafra, constitui o pano de fundo deste romance, um dos mais c&#xE9;lebres da sua obra de ficcionista. Aqui se retrata, de forma impiedosa, o universo sinistro que solidariza numa teia de interesses pouco claros as grandes figuras da alta finan&#xE7;a, da banca internacional e do clube restrito e secreto do com&#xE9;rcio das armas.

As maquina&#xE7;&#xF5;es de um Sir James Manson, dirigente de uma poderosa organiza&#xE7;&#xE3;o mineira, t&#xEA;m com efeito como objetivo derrubar o governo de uma long&#xED;nqua rep&#xFA;blica africana e eliminar o ditador que a ele preside. Os motivos de Manson, por&#xE9;m, nada t&#xEA;m de altru&#xED;stas, e pouco a pouco despertam mesmo a aten&#xE7;&#xE3;o das grandes pot&#xEA;ncias. Enquanto Shannon, o l&#xED;der mercen&#xE1;rio arregimentado por Manson, se ocupa de reunir os seus homens, alguns jornais descobrem e denunciam os prop&#xF3;sitos do que est&#xE1; em curso.

Forsyth arrasta ent&#xE3;o o leitor por uma ronda alucinante atrav&#xE9;s de algumas das grandes cidades europeias: de Paris a Ostende, na esteira dos locais onde se recrutam os mercen&#xE1;rios; de Berna a Bruges, onde est&#xE3;o sediadas as grandes ag&#xEA;ncias internacionais; e finalmente da Alemanha &#xE0; It&#xE1;lia, ou da Espanha &#xE0; Iugosl&#xE1;via, onde se adquirem as armas e se organizam os grandes transportes de tropas e de material. Cada p&#xE1;gina de Os C&#xE3;es da Guerra &#xE9; uma aut&#xEA;ntica aventura, que se l&#xEA; com uma emo&#xE7;&#xE3;o e uma ansiedade sempre crescentes. Mas o seu desfecho ir&#xF4;nico oferece a este romance uma dimens&#xE3;o totalmente inesperada.</subfield>
  </datafield>
  <datafield tag="650" ind1=" " ind2="0">
    <subfield code="a">Literatura Inglesa</subfield>
    <subfield code="9">89</subfield>
  </datafield>
  <datafield tag="650" ind1=" " ind2="0">
    <subfield code="a">Conspira&#xE7;&#xE3;o</subfield>
    <subfield code="9">768</subfield>
  </datafield>
  <datafield tag="650" ind1=" " ind2="0">
    <subfield code="a">Romance Policial </subfield>
    <subfield code="9">11</subfield>
  </datafield>
  <datafield tag="650" ind1=" " ind2="0">
    <subfield code="a">Guerra</subfield>
    <subfield code="9">30</subfield>
  </datafield>
  <datafield tag="650" ind1=" " ind2="0">
    <subfield code="a">Suspense</subfield>
    <subfield code="9">10</subfield>
  </datafield>
  <datafield tag="655" ind1=" " ind2="0">
    <subfield code="a">Romance</subfield>
    <subfield code="9">23</subfield>
  </datafield>
  <datafield tag="655" ind1=" " ind2="0">
    <subfield code="a">Fic&#xE7;&#xE3;o </subfield>
    <subfield code="9">22</subfield>
  </datafield>
  <datafield tag="700" ind1=" " ind2=" ">
    <subfield code="a">A. B. Pinheiro de Lemos</subfield>
    <subfield code="e">Tradutor</subfield>
    <subfield code="9">109</subfield>
  </datafield>
  <datafield tag="942" ind1=" " ind2=" ">
    <subfield code="2">ddc</subfield>
    <subfield code="n">0</subfield>
    <subfield code="c">BK</subfield>
  </datafield>
  <datafield tag="952" ind1=" " ind2=" ">
    <subfield code="0">0</subfield>
    <subfield code="1">0</subfield>
    <subfield code="2">ddc</subfield>
    <subfield code="4">0</subfield>
    <subfield code="7">0</subfield>
    <subfield code="8">FIC</subfield>
    <subfield code="a">BIBIB</subfield>
    <subfield code="b">BIBIB</subfield>
    <subfield code="c">LE</subfield>
    <subfield code="d">2011-02-17</subfield>
    <subfield code="e">doa&#xE7;&#xE3;o</subfield>
    <subfield code="l">0</subfield>
    <subfield code="o">823 / F735c</subfield>
    <subfield code="p">2025-1486</subfield>
    <subfield code="r">2025-04-03 07:59:40</subfield>
    <subfield code="w">2025-04-03</subfield>
    <subfield code="y">BK</subfield>
  </datafield>
  <datafield tag="999" ind1=" " ind2=" ">
    <subfield code="c">370</subfield>
    <subfield code="d">370</subfield>
  </datafield>
</record>
